| 000 | 00760nam a22003017a 4500 | ||
|---|---|---|---|
| 001 | BR8704211 | ||
| 003 | BR-BrBNA | ||
| 005 | 20230928092656.0 | ||
| 007 | ta | ||
| 008 | 230509b bl.||||| |||| 00| 0 por d | ||
| 040 |
_aBR-BrBNA _bpor _cBiblioteca Nacional de Agricultura |
||
| 041 | _a(Por) | ||
| 072 | _aH01; L70 | ||
| 090 | _ H01 BR8704211 | ||
| 100 | 1 | _aPinheiro, S. | |
| 100 | 1 | _aAurvalle, A. | |
| 100 | 1 | _aGuazzelli, M.J. | |
| 245 | 1 | _aAgropecuaria sem veneno | |
| 250 | 1 | _a2. ed. | |
| 260 | 3 |
_aPorto Alegre, RS (Brasil): _bLePM Ed. Ltda., _c1985. |
|
| 300 | _a128 p. | ||
| 650 | _aDEFESA ANIMAL | ||
| 650 | _aDEFESA VEGETAL | ||
| 650 | _aAGROTOXICO | ||
| 650 | _aMEDICAMENTO | ||
| 909 |
_a202309 _bLucia _c55 _dLucia Elande |
||
| 942 | _cBK | ||
| 999 |
_c40534 _d40534 |
||